Fr. Conceicao Rodrigues College of Engineering

Appliance Service Hand book (Record no. 18476)

MARC details
000 -LEADER
fixed length control field 00279nam a2200121Ia 4500
082 ## - DEWEY DECIMAL CLASSIFICATION NUMBER
Classification number 683.3
100 ## - MAIN ENTRY--PERSONAL NAME
Personal name Meyerink/George
245 ## - TITLE STATEMENT
Title Appliance Service Hand book
260 ## - PUBLICATION, DISTRIBUTION, ETC.
Name of publisher, distributor, etc. Prentice Hall of India
Place of publication, distribution, etc. New Jersey
Date of publication, distribution, etc. 1973
546 ## - LANGUAGE NOTE
Language note ENGLISH
654 ## - SUBJECT ADDED ENTRY--FACETED TOPICAL TERMS
Focus term Handbook
942 ## - ADDED ENTRY ELEMENTS (KOHA)
Koha item type BOOK
Holdings
Withdrawn status Lost status Damaged status Not for loan Collection Home library Current library Date acquired Cost, normal purchase price Inventory number Total Checkouts Full call number Barcode Date last seen Cost, replacement price Price effective from Koha item type
        AFT Fr. Agnel's C.Rodrigues College of Engineering Fr. Agnel's C.Rodrigues College of Engineering 17/03/2023 118.60 T-8   683.3 AFT1452 17/03/2023 118.60 17/03/2023 BOOK